[Event "Elancourt op"]
[Site "Elancourt"]
[Date "2005.04.30"]
[Round "9"]
[White "Gahagnon, Jacques"]
[Black "Benhamouda, Matthieu"]
[Result "1-0"]
[WhiteElo "1720"]
[BlackElo "1450"]
[PlyCount "61"]
[EventDate "2005.04.23"]
[EventType "swiss"]
[EventRounds "9"]
[EventCountry "FRA"]
[SourceTitle "CBM 105 Extra"]
[Source "ChessBase"]
[SourceDate "2005.05.01"]
[SourceVersion "1"]
[SourceVersionDate "2005.05.01"]
[SourceQuality "1"]

1. d4 d5 2. Nf3 Nf6 3. c3 Bf5 4. e3 Nbd7 5. Qb3 Nb6 6. Ne5 e6 7. Nd2 Rb8 8. Be2 Bd6 9. f4 Bxe5 10. fxe5 Ne4 11. Nf3 g5 12. Nd2 Nxd2 13. Bxd2 Be4 14. 0-0-0 Bxg2 15. Rhg1 Be4 16. Bh5 Bg6 17. Qb5+ Qd7 18. Qe2 Qa4 19. Bxg6 hxg6 20. Kb1 Nc4 21. Bc1 Qb5 22. Ka1 Na3 23. Qxb5+ Nxb5 24. a4 Nxc3 25. bxc3 Rxh2 26. Rh1 Rxh1 27. Rxh1 Ke7 28. Rh7 Rf8 29. Ba3+ Ke8 30. Bxf8 Kxf8 31. Kb2 1-0

[Event "Elancourt op"]
[Site "Elancourt"]
[Date "2005.04.29"]
[Round "8"]
[White "Baron, Romuald"]
[Black "Gahagnon, Jacques"]
[Result "1-0"]
[WhiteElo "1973"]
[BlackElo "1720"]
[PlyCount "97"]
[EventDate "2005.04.23"]
[EventType "swiss"]
[EventRounds "9"]
[EventCountry "FRA"]
[SourceTitle "CBM 105 Extra"]
[Source "ChessBase"]
[SourceDate "2005.05.01"]
[SourceVersion "1"]
[SourceVersionDate "2005.05.01"]
[SourceQuality "1"]

1. d4 Nf6 2. Nf3 g6 3. c4 c5 4. d5 b5 5. cxb5 a6 6. b6 Qxb6 7. Nc3 d6 8. e4 Bg7 9. Be2 0-0 10. 0-0 Nbd7 11. Nd2 Qc7 12. a4 Bb7 13. a5 e6 14. Nc4 exd5 15. exd5 Rfe8 16. Bf3 Ne5 17. Nxe5 Rxe5 18. Bf4 Ree8 19. Qd2 Rab8 20. Na4 Nd7 21. Rac1 Ba8 22. b4 Ne5 23. Nb6 Qd8 24. Bd1 Bf6 25. Ba4 Re7 26. bxc5 Rxb6 27. cxb6 Bb7 28. Rfe1 h5 29. Bc6 Ba8 30. Bg5 Bxg5 31. Qxg5 Nxc6 32. Rxe7 Qxe7 33. Qxe7 Nxe7 34. Rc7 Kf8 35. b7 Bxb7 36. Rxb7 Nxd5 37. Rd7 Ke8 38. Rxd6 Nc7 39. Kf1 Ke7 40. Rb6 g5 41. g3 Kd7 42. Rh6 Ne6 43. Rxh5 Kc6 44. h4 gxh4 45. gxh4 Nd4 46. Rh6+ Kb5 47. Rb6+ Kxa5 48. Rd6 Nf5 49. Rd5+ 1-0

[Event "Montigny le Bretonneux 3rd"]
[Site "Montigny le Bretonneux"]
[Date "2004.10.28"]
[Round "5"]
[White "Heimann, Udo"]
[Black "Gahagnon, Jacques"]
[Result "1-0"]
[WhiteElo "1870"]
[BlackElo "1750"]
[PlyCount "93"]
[EventDate "2004.10.??"]
[EventType "swiss"]
[EventRounds "9"]
[EventCountry "FRA"]
[SourceTitle "EXT 2006"]
[Source "ChessBase"]
[SourceDate "2005.11.24"]
[SourceVersion "1"]
[SourceVersionDate "2005.11.24"]
[SourceQuality "1"]

1. c4 Nf6 2. Nc3 g6 3. e4 d6 4. d4 Bg7 5. f3 0-0 6. Be3 b6 7. Bd3 Nc6 8. a3 Bb7 9. Nge2 e5 10. d5 Ne7 11. Qd2 c6 12. 0-0 cxd5 13. cxd5 Nd7 14. b4 f5 15. Nb5 Nf6 16. Rac1 f4 17. Bf2 Bc8 18. Nc7 Rb8 19. Rc2 Ne8 20. Na6 Rb7 21. Rfc1 Bd7 22. b5 h6 23. Nb4 Rc7 24. Nc6 Bxc6 25. bxc6 Rc8 26. Ba6 Nc7 27. Bxc8 Nxc8 28. a4 Rf7 29. a5 Bf6 30. axb6 axb6 31. Rb1 g5 32. Bxb6 Nxb6 33. Rxb6 Kh7 34. Rcb2 Qg8 35. Qd3 h5 36. Rb7 Qg7 37. Nc3 g4 38. Nb5 Bd8 39. Nxd6 gxf3 40. Qxf3 Rf8 41. Qxh5+ Qh6 42. Qxh6+ Kxh6 43. Nf5+ Kg5 44. d6 Ne6 45. Rb8 Nc5 46. c7 Ne6 47. cxd8Q+ 1-0

[Event "Montigny le Bretonneux 3rd"]
[Site "Montigny le Bretonneux"]
[Date "2004.10.25"]
[Round "2"]
[White "Gahagnon, Jacques"]
[Black "Blot, David"]
[Result "1-0"]
[WhiteElo "1750"]
[BlackElo "1987"]
[PlyCount "71"]
[EventDate "2004.10.??"]
[EventType "swiss"]
[EventRounds "9"]
[EventCountry "FRA"]
[SourceTitle "EXT 2006"]
[Source "ChessBase"]
[SourceDate "2005.11.24"]
[SourceVersion "1"]
[SourceVersionDate "2005.11.24"]
[SourceQuality "1"]

1. d4 Nf6 2. Nf3 g6 3. c3 Bg7 4. Qc2 0-0 5. e4 d6 6. Nbd2 Nbd7 7. Be2 c5 8. dxc5 Nxc5 9. 0-0 Qc7 10. Re1 a6 11. a4 Bd7 12. Bf1 b5 13. axb5 axb5 14. Rxa8 Rxa8 15. e5 dxe5 16. Nxe5 Bf5 17. Qd1 Rd8 18. Qe2 Rb8 19. Ndf3 Nfe4 20. Bf4 Ne6 21. Bg3 Nxg3 22. hxg3 Nc5 23. Nd4 Be6 24. Nxe6 Nxe6 25. Nxf7 Qb6 26. Ne5 Nc5 27. Nf3 Bf6 28. Qc2 Kg7 29. Qc1 b4 30. c4 b3 31. Ng5 Qc6 32. Nf3 Qd6 33. Rd1 Qc7 34. Re1 Qc6 35. Qe3 Na4 36. Nd4 1-0

[Event "Montigny le Bretonneux op"]
[Site "Montigny le Bretonneux"]
[Date "2004.05.20"]
[Round "1"]
[White "Audigier, Robert"]
[Black "Gahagnon, Jacques"]
[Result "0-1"]
[WhiteElo "1120"]
[BlackElo "1690"]
[PlyCount "65"]
[EventDate "2004.05.20"]
[EventType "swiss"]
[EventRounds "9"]
[EventCountry "FRA"]
[SourceTitle "EXT 2007"]
[Source "ChessBase"]
[SourceDate "2006.11.23"]
[SourceVersion "1"]
[SourceVersionDate "2006.11.23"]
[SourceQuality "1"]

1. e4 e6 2. Nf3 d5 3. exd5 exd5 4. d4 Nf6 5. Nc3 Be7 6. Bd3 0-0 7. 0-0 Nc6 8. Bg5 h6 9. Bxf6 Bxf6 10. Re1 Nxd4 11. h3 Nxf3+ 12. Qxf3 c6 13. Re2 Be6 14. Rae1 Qd6 15. a3 a6 16. Bf5 Rae8 17. b4 Bd7 18. Nb1 Rxe2 19. Rxe2 Re8 20. Rxe8+ Bxe8 21. Nd2 c5 22. c4 Bc6 23. Qd3 cxb4 24. Ne4 Qe7 25. cxd5 Bb5 26. Qd2 bxa3 27. d6 Qe5 28. d7 Qxf5 29. d8Q+ Bxd8 30. Qxd8+ Kh7 31. Nd2 a2 32. Qd4 Qd3 33. Qc3 0-1

[Event "Montigny le Bretonneux-B 2nd"]
[Site "Montigny le Bretonneux"]
[Date "2003.11.01"]
[Round "9"]
[White "Gahagnon, Jacques"]
[Black "Delpech, Olivier"]
[Result "1/2-1/2"]
[WhiteElo "1700"]
[BlackElo "1680"]
[PlyCount "62"]
[EventDate "2003.10.??"]
[EventType "swiss"]
[EventRounds "9"]
[EventCountry "FRA"]
[SourceTitle "EXT 2005"]
[Source "ChessBase"]
[SourceDate "2004.11.15"]
[SourceVersion "1"]
[SourceVersionDate "2004.11.15"]
[SourceQuality "1"]

1. d4 f5 2. Bg5 g6 3. h3 Bg7 4. c3 Nf6 5. Bxf6 Bxf6 6. e3 e6 7. Bd3 0-0 8. Nf3 d6 9. Bc4 Bd7 10. 0-0 Nc6 11. d5 exd5 12. Bxd5+ Kg7 13. Nd4 Qe8 14. Re1 Nxd4 15. exd4 Qc8 16. Nd2 c6 17. Bb3 a5 18. Nf3 Re8 19. Qd2 a4 20. Bc2 Qc7 21. Rxe8 Bxe8 22. Ng5 Bf7 23. a3 b5 24. Re1 Qd7 25. Qf4 Bd5 26. Qe3 Rd8 27. Bd1 h6 28. Ne6+ Bxe6 29. Qxe6 Qxe6 30. Rxe6 Kf7 31. Re3 Bg5 1/2-1/2

[Event "Yvelines-ch"]
[Site "Fontenay le Fleury"]
[Date "2003.02.16"]
[Round "7.25"]
[White "Gahagnon, Jacques"]
[Black "Heitz, Robert"]
[Result "1-0"]
[WhiteElo "1540"]
[BlackElo "1780"]
[PlyCount "59"]
[EventDate "2003.02.17"]
[EventType "swiss"]
[EventRounds "7"]
[EventCountry "FRA"]
[SourceTitle "EXT 2004"]
[Source "ChessBase"]
[SourceDate "2003.11.25"]
[SourceVersion "1"]
[SourceVersionDate "2003.11.25"]
[SourceQuality "1"]

1. d4 Nf6 2. Nf3 d5 3. e3 e6 4. Bd3 c5 5. c3 c4 6. Bc2 Bd6 7. Nbd2 0-0 8. Qe2 Re8 9. 0-0 b5 10. e4 e5 11. dxe5 Bxe5 12. Nxe5 Rxe5 13. h3 Bb7 14. Nf3 Re8 15. e5 Qc7 16. Bf4 Nbd7 17. Rfe1 Ne4 18. Bh2 Qb6 19. Qe3 Qg6 20. Rad1 Ndc5 21. Nd2 Qc6 22. Nxe4 Nxe4 23. Bxe4 dxe4 24. Rd6 Qc8 25. Red1 Qf5 26. Bf4 Qc8 27. Qg3 Bc6 28. Bh6 g6 29. Qg5 f5 30. Rxg6+ 1-0

[Event "Montigny le Bretonneux-B 2nd"]
[Site "Montigny le Bretonneux"]
[Date "2003.??.??"]
[Round "5"]
[White "Gahagnon, Jacques"]
[Black "Villaret, Valerie"]
[Result "1-0"]
[WhiteElo "1700"]
[BlackElo "1330"]
[PlyCount "77"]
[EventDate "2003.10.??"]
[EventType "swiss"]
[EventRounds "9"]
[EventCountry "FRA"]
[SourceTitle "EXT 2005"]
[Source "ChessBase"]
[SourceDate "2004.11.15"]
[SourceVersion "1"]
[SourceVersionDate "2004.11.15"]
[SourceQuality "1"]

1. d4 d5 2. c3 e6 3. e3 b6 4. Bd3 Nf6 5. Nd2 c5 6. Ngf3 Be7 7. 0-0 0-0 8. dxc5 bxc5 9. Qe2 Nc6 10. e4 d4 11. e5 Nd7 12. Qe4 g6 13. Qxc6 Nb6 14. Qe4 Rb8 15. Qe2 Bb7 16. Ne4 dxc3 17. bxc3 Rc8 18. Bh6 Re8 19. Bb5 Bc6 20. Bxc6 Rxc6 21. c4 Qc7 22. Rfd1 Nd7 23. Nd6 Bxd6 24. exd6 Rxd6 25. Rxd6 Qxd6 26. Rd1 Qe7 27. Ne5 Nb6 28. Nc6 Qc7 29. Qe5 Qxe5 30. Nxe5 f6 31. Nc6 a6 32. Na5 g5 33. h4 g4 34. g3 f5 35. Rd6 Nc8 36. Rxa6 Kf7 37. Nb3 Kg6 38. Be3 Rd8 39. Rxe6+ 1-0

[Event "Montigny le Bretonneux Noel op 05th"]
[Site "Montigny le Bretonneux"]
[Date "2002.12.31"]
[Round "7.25"]
[White "Gahagnon, Jacques"]
[Black "Benhamouda, Fabrice"]
[Result "1/2-1/2"]
[WhiteElo "1500"]
[BlackElo "1560"]
[PlyCount "64"]
[EventDate "2002.12.??"]
[EventType "swiss"]
[EventRounds "7"]
[EventCountry "FRA"]
[SourceTitle "EXT 2004"]
[Source "ChessBase"]
[SourceDate "2003.11.25"]
[SourceVersion "1"]
[SourceVersionDate "2003.11.25"]
[SourceQuality "1"]

1. d4 d5 2. Nf3 Nc6 3. e3 Nf6 4. c3 a6 5. Bd3 e6 6. 0-0 Bd6 7. Nbd2 Nd7 8. e4 0-0 9. e5 Be7 10. Re1 b5 11. Nf1 Nb6 12. Ng3 f6 13. exf6 Bxf6 14. Nh5 Be7 15. Ne5 Nxe5 16. Rxe5 Qe8 17. Qg4 Rf7 18. Bg5 Bxg5 19. Qxg5 Bd7 20. Ng3 g6 21. h4 Rg7 22. h5 gxh5 23. Qxh5 Qf7 24. Qh6 Rf8 25. Rf1 Kh8 26. Rg5 Rxg5 27. Qxg5 Na4 28. Qe5+ Qg7 29. Qxc7 Nxb2 30. Nh5 Qf7 31. Be2 Na4 32. Qe5+ Kg8 1/2-1/2

[Event "Montigny le Bretonneux Noel op 05th"]
[Site "Montigny le Bretonneux"]
[Date "2002.12.29"]
[Round "5.26"]
[White "Gahagnon, Jacques"]
[Black "Mottet, Andre"]
[Result "1/2-1/2"]
[WhiteElo "1500"]
[BlackElo "1490"]
[PlyCount "74"]
[EventDate "2002.12.??"]
[EventType "swiss"]
[EventRounds "7"]
[EventCountry "FRA"]
[SourceTitle "EXT 2004"]
[Source "ChessBase"]
[SourceDate "2003.11.25"]
[SourceVersion "1"]
[SourceVersionDate "2003.11.25"]
[SourceQuality "1"]

1. d4 f5 2. Bf4 Nf6 3. Nf3 e6 4. e3 Be7 5. h3 b6 6. Bd3 Bb7 7. Nbd2 Nc6 8. c3 0-0 9. 0-0 d5 10. Ne5 Nxe5 11. Bxe5 Bd6 12. f4 Bxe5 13. fxe5 Ne4 14. Nxe4 fxe4 15. Be2 Rxf1+ 16. Qxf1 Qg5 17. Qf4 Qe7 18. Qg4 Rf8 19. Rf1 Rxf1+ 20. Bxf1 Bc8 21. h4 Bd7 22. Qh3 Be8 23. Qg4 Bg6 24. g3 Bf5 25. Qf4 Bg6 26. Bh3 Be8 27. Qf2 Bd7 28. g4 h6 29. Kh2 Qf7 30. Qf4 Qe7 31. g5 hxg5 32. hxg5 Qe8 33. Kg3 Qe7 34. Kh4 Be8 35. Bg4 Bg6 36. Bh5 Bf5 37. Kg3 g6 1/2-1/2

[Event "Montigny le Bretonneux Noel op 05th"]
[Site "Montigny le Bretonneux"]
[Date "2002.12.26"]
[Round "1.18"]
[White "Gahagnon, Jacques"]
[Black "Blot, David"]
[Result "0-1"]
[WhiteElo "1500"]
[BlackElo "1850"]
[PlyCount "96"]
[EventDate "2002.12.??"]
[EventType "swiss"]
[EventRounds "7"]
[EventCountry "FRA"]
[SourceTitle "EXT 2004"]
[Source "ChessBase"]
[SourceDate "2003.11.25"]
[SourceVersion "1"]
[SourceVersionDate "2003.11.25"]
[SourceQuality "1"]

1. d4 Nf6 2. Nf3 g6 3. c3 Bg7 4. Qc2 d5 5. Bf4 Bf5 6. Qb3 b6 7. h3 0-0 8. e3 a6 9. Nbd2 Nbd7 10. Ne5 Nxe5 11. Bxe5 Ne4 12. Nxe4 Bxe5 13. dxe5 Bxe4 14. f3 Bf5 15. g4 Bc8 16. 0-0-0 e6 17. h4 Qe7 18. g5 Bb7 19. Bg2 b5 20. f4 c5 21. Qc2 Rac8 22. h5 b4 23. hxg6 fxg6 24. Rh6 Rf7 25. Rdh1 Rg7 26. Bf3 bxc3 27. bxc3 d4 28. Bxb7 Qxb7 29. Rxh7 Rxh7 30. Qxg6+ Kh8 31. Qf6+ Qg7 32. Rxh7+ Kxh7 33. Qxe6 Rc7 34. Qxa6 dxe3 35. Qd3+ Qg6 36. Qxe3 Rb7 37. Qh3+ Kg7 38. Qh6+ Qxh6 39. gxh6+ Kxh6 40. Kd2 Rb2+ 41. Kd3 Rxa2 42. Kc4 Kg6 43. Kxc5 Kf5 44. Kd6 Ra4 45. Kd7 Re4 46. c4 Rxc4 47. e6 Rd4+ 48. Kc6 Kxe6 0-1

[Event "Montigny le Bretonneux op 1st"]
[Site "Montigny le Bretonneux"]
[Date "2002.10.31"]
[Round "7"]
[White "Gahagnon, Jacques"]
[Black "Couronne, Patrice"]
[Result "0-1"]
[WhiteElo "1500"]
[BlackElo "1640"]
[PlyCount "68"]
[EventDate "2002.10.25"]
[EventType "swiss"]
[EventRounds "9"]
[EventCountry "FRA"]
[SourceTitle "EXT 2008"]
[Source "ChessBase"]
[SourceDate "2007.11.25"]
[SourceVersion "1"]
[SourceVersionDate "2007.11.25"]
[SourceQuality "1"]

1. d4 Nf6 2. Nf3 c5 3. dxc5 Qa5+ 4. Nc3 e6 5. e3 Bxc5 6. Bd3 Nc6 7. 0-0 d5 8. Bd2 Qd8 9. a3 a6 10. Re1 b5 11. b4 Bd6 12. Nd4 Qc7 13. Nxc6 Qxc6 14. Ne2 Bb7 15. Nd4 Qc7 16. g3 0-0 17. c3 Bc8 18. Qe2 e5 19. Nf5 e4 20. Nxd6 exd3 21. Qxd3 Qxd6 22. e4 Qc6 23. e5 Ne4 24. f3 Nxd2 25. Qxd2 Bh3 26. Qd4 Be6 27. Kg2 Rac8 28. Re3 Qd7 29. g4 Rc4 30. Qd2 Rfc8 31. Kg3 Bxg4 32. fxg4 Qxg4+ 33. Kf2 Rf4+ 34. Ke1 Qg1+ 0-1

[Event "Montigny le Bretonneux op 1st"]
[Site "Montigny le Bretonneux"]
[Date "2002.10.26"]
[Round "2"]
[White "Gahagnon, Jacques"]
[Black "Larramendy, Pierre"]
[Result "1/2-1/2"]
[WhiteElo "1500"]
[BlackElo "1700"]
[PlyCount "72"]
[EventDate "2002.10.25"]
[EventType "swiss"]
[EventRounds "9"]
[EventCountry "FRA"]
[SourceTitle "EXT 2008"]
[Source "ChessBase"]
[SourceDate "2007.11.25"]
[SourceVersion "1"]
[SourceVersionDate "2007.11.25"]
[SourceQuality "1"]

1. d4 Nf6 2. Nf3 g6 3. c3 Bg7 4. Qc2 d5 5. Bf4 Bf5 6. Qb3 b6 7. Nbd2 0-0 8. e3 c6 9. Be2 Nbd7 10. 0-0 Nh5 11. Bg5 h6 12. Bh4 Nhf6 13. Ne5 Nxe5 14. dxe5 Ng4 15. Bxg4 Bxg4 16. f4 Be2 17. Rf2 Bd3 18. Nf3 Bc4 19. Qc2 Qd7 20. b3 Ba6 21. Rd1 e6 22. Bg3 Qe8 23. Nh4 Kh7 24. f5 exf5 25. Nxf5 gxf5 26. Rxf5 Kg8 27. Rd4 Bc8 28. Rh5 f5 29. Rdh4 Qg6 30. Bf4 Kh7 31. Qf2 Rh8 32. Rxh6+ Bxh6 33. Rxh6+ Qxh6 34. Bxh6 Kxh6 35. Qh4+ Kg7 36. Qe7+ Kg8 1/2-1/2